000
00345nam a2200133 a 4500
005
20140414132123.0
008
131217s19uu xx 00 eng d
050
_a
ER
_b
Rab112 2012
245
_a
Rabbit who liked to crunch (The).
260
_a
USA :
_b
The Clever Factory,
_c
c2012.
300
_a
6
650
_a
Rabbit-
_x
fiction
999
_c
115144
_d
115144